[Event "Regionalliga NW 9596"]
[Site "Bayern"]
[Date "1996.??.??"]
[Round "?"]
[White "Drescher, Ulli"]
[Black "Knoetzsch, Helmut"]
[Result "0-1"]
[WhiteElo "1920"]
[BlackElo "1810"]
[PlyCount "102"]
[EventDate "1995.10.??"]
[EventType "team-tourn"]
[EventRounds "9"]
[EventCountry "GER"]
[SourceTitle "EXT 1999"]
[Source "ChessBase"]
[SourceDate "1998.11.16"]
[SourceVersion "1"]
[SourceVersionDate "1998.11.16"]
[SourceQuality "1"]
[WhiteTeam "Bad Neustadt"]
[BlackTeam "GrBayr"]
[WhiteTeamCountry "GER"]
[BlackTeamCountry "GER"]

1. d4 Nf6 2. c4 e6 3. Nc3 Bb4 4. e3 c5 5. d5 Ne4 6. Bd2 Nxd2 7. Qxd2 Qf6 8. Rc1 e5 9. e4 d6 10. Be2 Qg6 11. Bf3 f5 12. Nge2 0-0 13. 0-0 f4 14. Kh1 Nd7 15. Rb1 Nf6 16. a3 Bxc3 17. Nxc3 b6 18. Qe2 Bd7 19. Rfc1 Qh6 20. Kg1 g5 21. h3 Qh4 22. Qd3 h5 23. Bd1 g4 24. hxg4 hxg4 25. g3 Qh3 26. Qf1 fxg3 27. Qxh3 gxf2+ 28. Kxf2 gxh3 29. Kg3 Kf7 30. Bf3 Rg8+ 31. Kh2 Rh8 32. Rg1 Rh4 33. Rg3 Rah8 34. Re1 R8h7 35. Reg1 Nh5 36. Bxh5+ R4xh5 37. Rf1+ Ke7 38. Rfg1 Rf7 39. Rg7 Rh7 40. Rxh7 Rxh7 41. Rf1 Rg7 42. Rf2 Rg4 43. Re2 Kf6 44. Nb5 Bxb5 45. cxb5 Rh4 46. Kg3 Kg5 47. Kh2 Kf4 48. Rc2 Ke3 49. b4 Kd3 50. Rc1 c4 51. a4 c3 0-1

[Event "Regionalliga NW 9596"]
[Site "Bayern"]
[Date "1995.??.??"]
[Round "?"]
[White "Knoetzsch, Helmut"]
[Black "Schell, Walter"]
[Result "0-1"]
[WhiteElo "1810"]
[BlackElo "2055"]
[PlyCount "122"]
[EventDate "1995.10.??"]
[EventType "team-tourn"]
[EventRounds "9"]
[EventCountry "GER"]
[SourceTitle "EXT 1999"]
[Source "ChessBase"]
[SourceDate "1998.11.16"]
[SourceVersion "1"]
[SourceVersionDate "1998.11.16"]
[SourceQuality "1"]
[WhiteTeam "GrBayr"]
[BlackTeam "Sailauf"]
[WhiteTeamCountry "GER"]
[BlackTeamCountry "GER"]

1. d4 d5 2. Nf3 e6 3. e3 c5 4. Bd3 Nf6 5. 0-0 Nc6 6. b3 Qc7 7. Bb2 cxd4 8. exd4 Nb4 9. Ne5 Bd6 10. Na3 a6 11. c4 Nxd3 12. Qxd3 0-0 13. Rfc1 Qa5 14. Nc2 Bd7 15. Ne3 Bc6 16. Nxc6 bxc6 17. c5 Bf4 18. g3 Bxe3 19. Qxe3 Qb5 20. a4 Qb7 21. Rab1 Rfb8 22. Bc3 Qc7 23. b4 h6 24. f3 Rb7 25. Bd2 Nd7 26. Re1 Nf8 27. Qd3 Ng6 28. f4 Ne7 29. g4 Qd7 30. h3 Raa7 31. Rf1 Kh8 32. f5 exf5 33. gxf5 Ng8 34. Qc2 Nf6 35. Qc1 Kh7 36. Qc2 Ne4 37. Be1 g5 38. fxg6+ fxg6 39. Qg2 Qe6 40. b5 axb5 41. axb5 Rxb5 42. Bg3 Rxb1 43. Rxb1 Nxg3 44. Qxg3 Qe4 45. Rd1 Re7 46. Qf2 g5 47. Rf1 Qe3 48. Qxe3 Rxe3 49. Rf6 Rxh3 50. Rxc6 Rd3 51. Rd6 Rxd4 52. c6 Rc4 53. Kf2 Rc3 54. Ke2 d4 55. Kd2 h5 56. Rd7+ Kg6 57. c7 g4 58. Re7 Kg5 59. Rd7 Kh4 60. Ke2 Kh3 61. Kf2 g3+ 0-1

[Event "Regionalliga NW 9495"]
[Site "Bayern"]
[Date "1995.??.??"]
[Round "?.8"]
[White "Rebscher, Ralf"]
[Black "Knoetzsch, Helmut"]
[Result "1-0"]
[WhiteElo "1915"]
[BlackElo "1810"]
[PlyCount "131"]
[EventDate "1994.10.??"]
[EventType "team-tourn"]
[EventRounds "9"]
[EventCountry "GER"]
[SourceTitle "EXT 1999"]
[Source "ChessBase"]
[SourceDate "1998.11.16"]
[SourceVersion "1"]
[SourceVersionDate "1998.11.16"]
[SourceQuality "1"]
[WhiteTeam "Obernburg"]
[BlackTeam "GrBayr"]
[WhiteTeamCountry "GER"]
[BlackTeamCountry "GER"]

1. d4 Nf6 2. Bg5 Ne4 3. Bh4 d5 4. f3 Nd6 5. Nc3 c6 6. e4 Qa5 7. Bd3 e6 8. Nge2 Nc4 9. Bxc4 dxc4 10. 0-0 Be7 11. Bxe7 Kxe7 12. Qe1 Qg5 13. f4 Qh6 14. Ng3 Rd8 15. d5 Kf8 16. Rd1 exd5 17. exd5 Bg4 18. Rd2 cxd5 19. Nxd5 Qe6 20. f5 Bxf5 21. Nxf5 Qxe1 22. Rxe1 Nc6 23. Red1 g6 24. Nfe3 Ne5 25. Nc7 Rxd2 26. Nxa8 Re2 27. Nf1 Rxc2 28. Rd2 Rc1 29. Nc7 c3 30. bxc3 Rxc3 31. Nb5 Rc1 32. Nxa7 Nc4 33. Re2 Rd1 34. Kf2 Rd7 35. Nb5 h5 36. Ng3 Kg7 37. Ne4 Ne5 38. h3 Nc4 39. Rc2 Ne5 40. Ned6 Nd3+ 41. Ke3 Nb4 42. Rd2 Re7+ 43. Kd4 Na6 44. a3 f5 45. Rc2 Kf6 46. h4 g5 47. Rf2 f4 48. Ne4+ Kf5 49. Nbd6+ Kg4 50. hxg5 Nc7 51. g6 Ne6+ 52. Ke5 Nd8+ 53. Kf6 Re6+ 54. Kg7 h4 55. Rf3 Kh5 56. Nf6+ Kg5 57. Nde4+ Kf5 58. g4+ hxg3 59. Nxg3+ Ke5 60. Ngh5 Re7+ 61. Kf8 Rc7 62. Nxf4 Rc1 63. N4d5 Ne6+ 64. Ke7 Ng5 65. Re3+ Kf5 66. g7 1-0